000 00644nam a2200181Ia 4500
008 090123s9999 xx 000 0 und d
082 _b17205
100 _aरानडे फिरोज
245 _aकाही दिवस शामचे काही राधाचे
250 _a1
260 _bराजहंस
_c1983
300 _a176
600 _aरानडे फिरोज
630 _aकाही दिवस शामचे काही राधाचे
700 _aरानडे फिरोज
730 _aकाही दिवस शामचे काही राधाचे
942 _cBOOK
999 _c55265
_d55265